000 00513nam a2200193Ia 4500
003 IN-BaIIA
008 211028s9999 xx 000 0 eng d
020 _aNO
040 _cIIA Library
080 _a501
_bHEI
100 _aHeisenberg, Werner
_92814
245 4 _aThe physicist's conception of nature
_cWerner Heisenberg
260 _aLondon
_c1958
300 _a192p.
650 _aNASA thesaurus
650 _aPhysics
_973
650 _aScience
_91299
942 _cBK
999 _c1839
_d1839